[Event "Stuttgart-chB int"]
[Site "Ditzingen"]
[Date "2009.05.21"]
[Round "3"]
[White "Wolf, Adam"]
[Black "Straub, Reiner"]
[Result "0-1"]
[WhiteElo "1582"]
[BlackElo "1736"]
[PlyCount "146"]
[EventDate "2009.05.21"]
[EventType "swiss"]
[EventRounds "7"]
[EventCountry "GER"]
[SourceTitle "EXT 2018"]
[Source "ChessBase"]
[SourceDate "2017.10.13"]
[SourceVersion "1"]
[SourceVersionDate "2017.10.13"]
[SourceQuality "1"]

1. c4 e5 2. g3 Nf6 3. Bg2 g6 4. Nf3 d6 5. b4 Bg7 6. Nc3 0-0 7. 0-0 Nc6 8. Rb1 Rb8 9. d3 Ne7 10. Be3 b6 11. a4 Nf5 12. Bd2 Nd4 13. Nxd4 exd4 14. Nb5 c5 15. Nxa7 Bb7 16. Nc6 Bxc6 17. Bxc6 Nd7 18. b5 Ne5 19. Bd5 h5 20. h4 Kh7 21. Ra1 f5 22. f4 Ng4 23. Qc1 Bf6 24. Rf3 Bxh4 25. Qe1 Bf6 26. a5 Ne3 27. Bxe3 dxe3 28. a6 Bxa1 29. Qxa1 Qe7 30. a7 Ra8 31. Bxa8 Rxa8 32. Kf1 Rxa7 33. Qc1 Qf6 34. Qxe3 Re7 35. Qf2 Qe6 36. Qg2 d5 37. cxd5 Qxd5 38. Rf2 Qd7 39. Qc6 Qxc6 40. bxc6 Rc7 41. e4 fxe4 42. dxe4 Rxc6 43. e5 Kg7 44. Rd2 Kf7 45. Ke1 Ke6 46. Kd1 b5 47. Kc2 g5 48. fxg5 Kxe5 49. Rh2 Kf5 50. Rxh5 Kg4 51. Rh6 Rc8 52. g6 Kg5 53. Rh1 Kxg6 54. Rb1 b4 55. Kb3 Kg5 56. Kc4 Kf5 57. Rb3 Ke6 58. Rd3 Ke7 59. Rb3 Kd6 60. Rd3+ Kc6 61. Rb3 Rg8 62. Rf3 Rg4+ 63. Kb3 Kb5 64. Kb2 Kc4 65. Kc2 Re4 66. Rf2 Re3 67. Rf4+ Kd5 68. g4 c4 69. g5 Re2+ 70. Kb1 Rg2 71. Rf5+ Ke4 72. Rc5 Kd3 73. Rf5 c3 0-1

[Event "Stuttgart-chB int"]
[Site "Ditzingen"]
[Date "2008.05.01"]
[Round "3"]
[White "Schoembs, Oliver"]
[Black "Straub, Reiner"]
[Result "1/2-1/2"]
[WhiteElo "1719"]
[BlackElo "1638"]
[PlyCount "95"]
[EventDate "2008.05.01"]
[EventType "swiss"]
[EventRounds "7"]
[EventCountry "GER"]
[SourceTitle "EXT 2018"]
[Source "ChessBase"]
[SourceDate "2017.10.13"]
[SourceVersion "1"]
[SourceVersionDate "2017.10.13"]
[SourceQuality "1"]

1. d4 d5 2. c4 e6 3. Nf3 Nf6 4. Nc3 Bb4 5. Bg5 Nbd7 6. e3 c5 7. cxd5 exd5 8. Bxf6 Nxf6 9. Bb5+ Bd7 10. Bxd7+ Nxd7 11. 0-0 Bxc3 12. bxc3 c4 13. Qa4 0-0 14. Rfb1 b6 15. Rb2 Nf6 16. Ne5 Ne4 17. f3 Nd6 18. Re1 f6 19. Ng4 h5 20. Nf2 f5 21. Qc6 Nf7 22. Rb5 Rc8 23. Qxd5 Qxd5 24. Rxd5 g6 25. e4 f4 26. e5 Ng5 27. Ne4 Nxe4 28. Rxe4 a6 29. Rd6 b5 30. Rxg6+ Kf7 31. Rxa6 b4 32. cxb4 c3 33. Re1 Rc4 34. d5 c2 35. Rc6 Rxc6 36. dxc6 Rd8 37. c7 Rd1 38. c8Q Rxe1+ 39. Kf2 c1Q 40. Qf5+ Kg8 41. Qg5+ Kf8 42. Qd8+ Kf7 43. Qd7+ Kg6 44. Qe6+ Kg7 45. Qe7+ Kg8 46. Qe8+ Kg7 47. Qe7+ Kg8 48. Qe8+ 1/2-1/2